000 00772nam a2200241 i 4500
001 bg
100 1 _aHEJWOWSKI, Tadeusz
245 1 0 _aWytwarzanie powłok odpornych na zużycie :
_bpowłoki nakładane cieplnie na elementy silników spalinowych /
_cTadeusz Hejwowski, Andrzej Weroński ; Politechnika Częstochowska.
260 _aLublin :
_bWydaw. PL,
_c2000.
300 _a134, [1] s. :
_bfot., wykr. ;
_c24 cm.
504 _aBibliogr.
650 9 _aSilniki spalinowe
650 9 _aPowłoki ochronne
_xbadanie
700 1 _aWEROŃSKI, Andrzej
710 0 _aPolitechnika Lubelska
020 _a8366110829
040 _cBPK
041 0 _apl
080 _a620.197:621.43
920 _a83-66110-82-9
942 _cKS
008 s pl f |000 0 pol
999 _c39983
_d39983
856 _uhttp://koha.tu.koszalin.pl/cgi-bin/koha/opac-detail.pl?biblionumber=39983
_yKatalog online BPK